|
|
|
|
| LEADER |
00000nam0a2200000 4500 |
| 001 |
36298 |
| 005 |
20231031001624.0 |
| 035 |
|
|
|a (RuTPU)RU\TPU\book\36768
|
| 035 |
|
|
|a BOOK00003420
|
| 090 |
|
|
|a 36298
|
| 100 |
|
|
|a 20011210d1977 m y0rusy50 ca
|
| 101 |
0 |
|
|a rus
|
| 102 |
|
|
|a RU
|
| 105 |
|
|
|a a j 001zy
|
| 200 |
1 |
|
|a Термодинамика, статистическая физика и кинетика
|e учебное пособие
|f Ю. Б. Румер, М. Ш. Рывкин
|
| 205 |
|
|
|a 2-е изд., испр. и доп.
|
| 210 |
|
|
|a Москва
|c Наука
|d 1977
|
| 215 |
|
|
|a 552 с.
|c ил.
|
| 320 |
|
|
|a Список лит.: с. 551-552 (назв.).
|
| 610 |
1 |
|
|a термодинамика
|
| 610 |
1 |
|
|a статистическая физика
|
| 610 |
1 |
|
|a кинетика
|
| 610 |
1 |
|
|a учебные пособия
|
| 610 |
1 |
|
|a библиотека А. Г. Стромберга
|
| 675 |
|
|
|a 536.7(075.8)
|v 3
|
| 675 |
|
|
|a 531.1(075.8)
|v 3
|
| 675 |
|
|
|a 531.3(075.8)
|v 3
|
| 700 |
|
1 |
|a Румер
|b Ю. Б.
|g Юрий Борисович
|
| 701 |
|
1 |
|a Рывкин
|b М. Ш.
|g Моисей Шоломович
|
| 801 |
|
0 |
|a RU
|b 63413507
|c 20011210
|g PSBO
|
| 801 |
|
2 |
|a RU
|b 63413507
|c 20170912
|g PSBO
|
| 900 |
|
|
|a Спецкурс 58
|
| 942 |
|
|
|c BK
|